LEADER 01262nam a2200289 u 4500 001 000000055630 003 CaOOAMICUS 005 20070226115815.0 008 010216s1996 it u000 u ita u 035 $a10867878 040 $aPUL$bita 245 03$aIl capitalismo e il bene comune.$nII,$pLo stato sociale e il settore non-profit /$cBruno Fasanelli ... [et al.]. 246 30$aStato sociale e il settore non-profit 260 $aRoma :$bEd. Romane di cultura,$c1996. 300 $a64 p. ;$c24 cm 490 1 $aGrande Enciclopedia epistemologica ;$v102 504 $aBibliografia in nota. 650 4$aCapitalismo.$0(OLS)http://pul/subject/7257 700 1 $aFasanelli, Bruno.$0(OLS)http://pul/name/39089 830 0$aGrande Enciclopedia epistemologica ;$v102.$0(OLS)http://pul/title/74431 850 $aPUL 852 $aPUL$W1$xDP2 Filosofia 1$y62$m97 U 102$j73113$nBK-PRI$qStampati$B73113$CPULBib$Z2$F73113 $82 941 1 $a8 961 $aINV: 83566 996 $6245$aIl capitalismo e il bene comune.$nII,$pLo stato sociale e il settore non-profit$9(OLS)http://pul/title/74448 996 $6246$aStato sociale e il settore non-profit$9(OLS)http://pul/title/74449 996 $6260$aRoma :$bEd. Romane di cultura$9(OLS)http://pul/publisher/69045 LEADER 01547nam a2200301 a 4500 001 000000150116 003 CaOOAMICUS 005 20160307134958.0 008 160307s1915 it u000 u ita r 032 $aLibriCat 040 $aPUL$bita 041 1 $aita$aara$hara 110 1 $aItalia.$bMinistero delle colonie.$0(OLS)http://pul/name/45627 245 10$aNorme per la trascrizione italiana e la grafia araba dei nomi propri geografici della Tripolitania e della Cirenaica /$cdettate dal Prof. C. A. Nallino e approvate con decreto ministeriale 1° febbraio 1915. 260 $aRoma :$bTipografia nazionale di G. Bertero e C.,$c1915. 300 $a41 p. ;$c24 cm. 490 1 $aRapporti e monografie coloniali ;$v02 (1915) 500 $aIn testa al front.: Ministero delle Colonie. 650 4$aColonialismo$zItalia$xStoria.$0(OLS)http://pul/subject/32159 651 4$aLibia$xColonizzazione.$0(OLS)http://pul/subject/4763 700 1 $aNallino, Carlo Alfonso,$d1872-1938.$0(OLS)http://pul/name/11046 830 0$aRapporti e monografie coloniali ;$v02 (1915).$0(OLS)http://pul/title/189174 850 $aPUL 852 $aPUL$W1$xDP1 Cons. Gen., Altre Classi 1$y22$m645 D 29.11$j172727$qStampati$B174603$CPULBib$Z2$F174603 $81 941 1 $a8 996 $6245$aNorme per la trascrizione italiana e la grafia araba dei nomi propri geografici della Tripolitania e della Cirenaica$9(OLS)http://pul/title/189184 996 $6260$aRoma :$bTipografia nazionale di G. Bertero e C.$9(OLS)http://pul/publisher/84701